Symposium on soil research in India (Record no. 21258)

MARC details
000 -LEADER
fixed length control field 00351nam a2200121Ia 4500
082 ## - DEWEY DECIMAL CLASSIFICATION NUMBER
Classification number 631.4:001.814(540)
Item number NAT
245 #0 - TITLE STATEMENT
Title Symposium on soil research in India
260 ## - PUBLICATION, DISTRIBUTION, ETC. (IMPRINT)
Place of publication Calcutta
Name of publisher National Inst of Science
Year of publication 1952
650 ## - SUBJECT ADDED ENTRY--TOPICAL TERM
Topical Term Micronutrient deficiency
650 ## - SUBJECT ADDED ENTRY--TOPICAL TERM
Topical Term Soil productivity
942 ## - ADDED ENTRY ELEMENTS (KOHA)
Koha item type Books
Holdings
Withdrawn status Lost status Damaged status Not for loan Home library Current library Date acquired Full call number Accession Number Koha item type
        RRII Library RRII Library 16/12/2021 631.4:001.814(540) NAT 01977 Books